[Event "183rd open MGU"]
[Site "Sofia"]
[Date "2017.03.04"]
[Round "1.1"]
[White "Gelemerov, Yane"]
[Black "Vladov, Lyubomir"]
[Result "1-0"]
[WhiteElo "2013"]
[BlackElo "1700"]
[PlyCount "79"]
[EventDate "2017.03.04"]
[EventType "swiss"]
[EventRounds "6"]
[EventCountry "BUL"]

1. e4 c5 2. Nc3 Nc6 3. Bb5 g6 4. Bxc6 dxc6 5. d3 Bg7 6. Nf3 Nf6 7. O-O O-O 8.
Be3 b6 9. Qd2 Ng4 10. Bg5 f6 11. Bh4 Qd6 $146 ({RR} 11... h5 12. Bg3 e5 13. h3
Nh6 14. Ne1 Nf7 15. f4 Bh6 16. Qe2 exf4 17. Bxf4 Qd4+ 18. Kh1 Bxf4 19. Rxf4 Ne5
20. Nf3 Nxf3 21. Rxf3 Qe5 22. Raf1 Kg7 23. Qf2 Be6 24. a3 Rf7 25. Ne2 Raf8 26.
b4 {Schmid,F (2160)-Wild,R (2231)/Bayern 2013/EXT 2015/0-1 (49)}) ({RR} 11...
Bh6 12. Qe2 Bf4 13. h3 Nh6 14. Bg3 Bxg3 15. fxg3 e5 16. Kh2 Qe7 17. a3 Nf7 18.
Rab1 a5 19. Na4 Ra6 20. Nc3 Nd8 21. Nd1 Ne6 22. c3 Ra7 23. b4 cxb4 24. cxb4
axb4 25. axb4 Ra3 26. Nf2 {
Emodi,G (2282)-Popovics,A (2394)/Hungary 2010/EXT 2011/1/2 (42)}) ({RR} 11...
e5 12. h3 Nh6 13. Bg3 Be6 14. Rad1 Nf7 15. Qe2 Qd7 16. Nd2 {
1/2 Yudasin,L (2550)-Krush,I (2479)/New York 2007/CBM 122 Extra}) 12. h3 Nh6
13. Bg3 e5 14. Rae1 Nf7 15. Qe2 Bh6 16. Nh2 Bf4 17. Ng4 Bxg3 18. fxg3 Bxg4 19.
Qxg4 Ng5 20. Rf2 Qe6 21. Qe2 h5 22. b3 Nf7 23. Nd1 Nd6 24. Ne3 Kg7 25. g4 hxg4
26. Nxg4 Rf7 27. Ref1 Raf8 28. Qe3 g5 29. Qe2 Ne8 30. Ne3 Rh8 31. Nf5+ Kg6 32.
Qg4 Rfh7 33. Rf3 Kf7 34. Ne3 Qxg4 35. Nxg4 Ke7 36. Nxf6 Nxf6 37. Rxf6 g4 38.
Kh2 gxh3 39. g3 Kd7 40. Rg6 1-0

[Event "183rd open MGU"]
[Site "Sofia"]
[Date "2017.03.04"]
[Round "1.2"]
[White "Kostov, Nikolay"]
[Black "Kolev, Nikola Vl."]
[Result "1-0"]
[WhiteElo "1653"]
[BlackElo "1869"]
[PlyCount "67"]
[EventDate "2017.03.04"]
[EventType "swiss"]
[EventRounds "6"]
[EventCountry "BUL"]

1. d4 Nf6 2. c4 g6 3. Nf3 Bg7 4. Nc3 d5 5. e3 O-O 6. cxd5 Nxd5 7. Qb3 e6 ({RR} 
7... Nb6 8. h4 Be6 9. Qd1 Bg4 10. h5 Bxh5 11. Rxh5 gxh5 12. Nh4 e6 13. Qxh5
N8d7 14. Nf3 Qf6 15. e4 Qg6 16. Qh3 f5 17. Be2 c5 18. Nh4 Qf7 19. d5 fxe4 20.
dxe6 Qxf2+ 21. Kd1 Bxc3 22. bxc3 {
Manolache,M (2513)-Ilic,Z (2293)/Belgrade 2007/CBM 121 Extra/1-0}) 8. e4 Nxc3
$146 ({RR} 8... Nb6 9. Be3 a5 10. a4 Nc6 11. Be2 Nxd4 12. Bxd4 Bxd4 13. Rd1
Bxc3+ 14. bxc3 Qe8 15. Bb5 Qe7 16. O-O Qc5 17. Rd2 c6 18. Be2 e5 19. Rb1 Nd7
20. Bc4 Qe7 21. Qc2 Kg7 22. h4 h6 23. g3 {
Borges,J (2071)-Fucs,P (2140)/Rio de Janeiro 2015/CBM 168 Extra/0-1 (86)}) 9.
Qxc3 Nc6 10. Be3 f5 11. e5 f4 12. Bd2 Bd7 13. h4 h6 14. O-O-O Ne7 15. Bc4 b5
16. Bb3 a5 17. Qd3 Qc8 18. Bc2 h5 19. Rhg1 b4 20. g3 fxg3 21. Rxg3 Be8 22. Rg5
Qb7 23. Rg3 Bc6 24. Ng5 Bd5 25. Bb3 a4 26. Bxd5 Qxd5 27. Kb1 b3 28. a3 Rxf2 29.
Ne4 Rf5 30. Bg5 Kf7 31. Bxe7 Kxe7 32. Rxg6 Bh8 33. Ng5 Raf8 34. Rxe6+ 1-0

[Event "183rd open MGU"]
[Site "Sofia"]
[Date "2017.03.04"]
[Round "1.4"]
[White "Georgiev, Nikolay Zh."]
[Black "Ruschukov, Boyan"]
[Result "1/2-1/2"]
[WhiteElo "1585"]
[BlackElo "1828"]
[PlyCount "89"]
[EventDate "2017.03.04"]
[EventType "swiss"]
[EventRounds "6"]
[EventCountry "BUL"]

1. e4 c5 2. Nc3 Nc6 3. Nf3 d6 4. d4 cxd4 5. Nxd4 Nf6 6. Be2 e6 7. Be3 Be7 8.
O-O a6 9. a3 Qc7 10. Nb3 O-O 11. f4 b5 12. Qd2 $146 ({RR} 12. g4 Re8 ({RR} 
12... d5 13. exd5 Rd8 14. Bf3 b4 15. axb4 Nxb4 16. Nb5 Qb8 17. N5d4 Nfxd5 18.
Bd2 Bb7 19. Na5 Bc5 20. c3 Nc6 21. Nxb7 Qxb7 22. Bc1 Qa7 23. Ra4 Nxd4 24. cxd4
Nb6 25. Bxa8 Nxa4 26. Qxa4 Bxd4+ 27. Kg2 {
Prasca Sosa,R (2420)-Obregon Rivero,J (2526)/Panama City 2013/EXT 2014/0-1 (32)
}) 13. g5 Nd7 14. f5 Nce5 15. Qe1 Bb7 16. Qh4 exf5 17. Rxf5 Bc6 18. Nd4 Bb7 19.
Rf2 g6 {1/2 Martens,S-Ketelaar,F/Doernfeld 1999/EXT 2002}) ({RR} 12. Qe1 Bb7
13. Rd1 Rac8 14. Bf3 b4 15. axb4 Nxb4 16. Rf2 Nxc2 17. Rxc2 Bxe4 18. Bxe4 Nxe4
19. Rdc1 Nxc3 20. Rxc3 Qb8 21. Rxc8 Rxc8 22. Rxc8+ Qxc8 23. Qc3 Qb8 24. Bd4 Bf8
25. Na5 Qb5 26. b4 Qe2 {Corte Real Neto,C (2016)-Okamura,M (2058)/Rio de
Janeiro 2016/CBM 172 Extra/1-0 (44)}) ({RR} 12. Kh1 Bb7 13. Rf3 Na5 14. Nxa5
Qxa5 15. Bd3 Rac8 16. Bd2 Qc7 17. Qe2 Nd7 18. Rh3 g6 19. Rf1 Rfe8 20. f5 exf5
21. exf5 Ne5 22. fxg6 fxg6 23. Rxh7 Kxh7 24. Qh5+ Kg7 25. Bh6+ Kg8 26. Bxg6 Bf8
{Ivanenko,B-Platonov,I/Kiev 1963/EXT 2003/0-1 (54)}) ({RR} 12. Bd3 Bb7 13. Ne2
Rad8 14. Ng3 e5 15. f5 d5 16. Qe2 Nd4 17. Bxd4 dxe4 18. Bxe4 Nxe4 19. Nxe4 Bxe4
20. Qxe4 exd4 21. Rad1 Bf6 22. Rf2 Rfe8 23. Qg4 Qe5 24. Qf4 Qe7 25. Qf3 Qa7 26.
Kf1 Qc7 {
Rainho,C (1821)-Montufar Berrios,L (1724)/Batatais 2014/CBM 158 Extra/0-1 (57)}
) 12... Bb7 13. Bf3 Rfd8 14. Qf2 Nd7 15. Rfd1 Rac8 16. Rd3 Na5 17. Nxa5 Qxa5
18. Rad1 b4 19. Na2 bxa3 20. Rxa3 Qc7 21. Rc3 Qb8 22. Rxc8 Rxc8 23. Bd4 e5 24.
fxe5 Nxe5 $2 (24... dxe5 25. Ba7 Qc7 26. Nc3 Nf6 $15) 25. Bxe5 $2 (25. Nc3 $11)
25... dxe5 26. Kh1 Rd8 $6 (26... Ba8 $1 27. b3 a5 $15) 27. Qe2 Rxd1+ 28. Qxd1
Qd6 29. Qxd6 Bxd6 30. Nc3 g6 31. Kg1 Bc5+ 32. Kf1 Bd4 33. Nd1 Kf8 34. Ke2 Ke7
35. Kd3 a5 36. Kc4 Ba6+ 37. Kd5 $4 (37. Kb3 $15) 37... Bb7+ $6 (37... a4 $1 $17
38. c3 Bg1 39. h3 f6 40. Kc6 Bc4 41. Kc7 h5) 38. Kc4 f5 39. exf5 Ba6+ 40. Kd5
gxf5 41. c3 Bb7+ 42. Kc4 Ba6+ 43. Kd5 Bb7+ 44. Kc4 Ba6+ 45. Kd5 1/2-1/2

[Event "183rd open MGU"]
[Site "Sofia"]
[Date "2017.03.04"]
[Round "1.5"]
[White "Petkov, Martin"]
[Black "Sapareva, Magdalena"]
[Result "1-0"]
[WhiteElo "1798"]
[BlackElo "1479"]
[PlyCount "47"]
[EventDate "2017.03.04"]
[EventType "swiss"]
[EventRounds "6"]
[EventCountry "BUL"]

1. e4 e5 2. f4 Nc6 3. Nf3 d6 4. Bc4 h6 5. O-O Bg4 ({RR} 5... Nf6 6. d3 Bg4 7.
c3 Be7 8. Qb3 O-O 9. Qxb7 Na5 10. Qa6 Nxc4 11. Qxc4 exf4 12. Bxf4 c5 13. Qa4
Qb6 14. Qc2 Rab8 15. Bc1 Nd7 16. Nbd2 f5 17. Nc4 Qc7 18. Ne3 fxe4 19. Nxg4 exf3
20. Rxf3 {Svatos,J (2370)-Vanecek,J/Pardubice 1992/EXT 1997/1-0}) 6. c3 Qd7 ({
RR} 6... exf4 7. d4 Qe7 8. Bb5 Bd7 9. Bxf4 a6 10. Bc4 O-O-O 11. e5 Bg4 12. exd6
cxd6 13. h3 Bxf3 14. Qxf3 Qc7 15. Nd2 Nf6 16. Bg3 Be7 17. Bxf7 g5 18. Rae1 Rhf8
19. Be6+ Kb8 20. Qd3 Rh8 21. Nb3 {
Vonhoff,J (1707)-Stocek,J (1250)/Plzen 2016/EXT 2017/1-0 (40)}) 7. Qb3 $146 ({
RR} 7. d4 exd4 8. cxd4 Nf6 9. Nc3 O-O-O 10. h3 Bh5 11. Be3 a6 12. Qa4 Bxf3 13.
Rxf3 Nb8 14. Qb3 Nc6 15. Bxf7 Na5 16. Qe6 Qxe6 17. Bxe6+ Kb8 18. a4 Re8 19. f5
g5 20. b4 Nc6 21. b5 Nd8 {
Van der Pluijm,R-Jansen,R/Schagen 2003/EXT 2005/1-0 (37)}) ({RR} 7. d3 O-O-O 8.
b4 h5 9. h3 Bxh3 10. gxh3 Qxh3 11. Nh2 Qd7 12. Qf3 Nf6 13. f5 Be7 14. Bxf7 Kb8
15. Be3 Rdf8 16. Be6 Qe8 17. Rf2 Nd8 18. Bc4 Ng4 19. Rg2 g6 20. Nd2 Nxe3 21.
Qxe3 gxf5 {Tyn,O-Buzek,I/Ostrava 2005/EXT 2007/1/2 (37)}) 7... Na5 8. Bxf7+
Qxf7 9. Qb5+ c6 10. Qxa5 Qc4 11. fxe5 b6 12. Qa3 Bxf3 13. Rxf3 c5 14. d3 Qe6
15. Qa4+ Ke7 16. exd6+ Qxd6 17. Bf4 Qd7 18. Qc4 Nf6 19. Na3 a6 20. Nc2 Qe6 21.
Qa4 g5 22. Bg3 g4 23. Rf5 h5 24. Re5 1-0

[Event "183rd open MGU"]
[Site "Sofia"]
[Date "2017.03.04"]
[Round "1.6"]
[White "Kononenko, Vladimir"]
[Black "Timev, Anzhelo"]
[Result "0-1"]
[WhiteElo "1375"]
[BlackElo "1779"]
[PlyCount "42"]
[EventDate "2017.03.04"]
[EventType "swiss"]
[EventRounds "6"]
[EventCountry "BUL"]

1. e4 c6 2. d4 d5 3. exd5 cxd5 4. Bd3 Nc6 5. c3 Nf6 6. h3 e6 7. Nf3 Bd6 ({RR} 
7... Qc7 8. O-O Bd6 9. Re1 h6 10. Qe2 Bf4 11. Nbd2 b6 12. g3 Bd6 13. Ne5 Bxe5
14. dxe5 Nd7 15. Nf3 Nc5 16. Bc2 Ba6 17. Qd1 Rd8 18. Be3 Bb7 19. Rc1 Ne7 20.
Bd4 g6 21. Nh2 h5 22. Nf3 {
Meijers,V (2427)-Piankov,E (2326)/La Fere 2002/CBM 089 Extra/1-0 (54)}) 8. Bg5
({RR} 8. Be3 Qb6 9. Qe2 Qc7 10. Nbd2 h6 11. Rc1 Bd7 12. O-O O-O 13. Rfe1 Rfe8
14. Nf1 a6 15. Bb1 Ne4 16. N3d2 f5 17. Bxe4 dxe4 18. Nc4 Bf8 19. Qd2 b5 20. Bf4
Qa7 21. Ne5 Nxe5 22. Bxe5 Bc6 {
Abdo,M (2023)-Ismail,H (2244)/Cairo 2015/EXT 2017/1-0 (46)}) 8... h6 9. Bh4 Qc7
$146 ({RR} 9... g5 10. Bg3 Bxg3 11. fxg3 Nh5 ({RR} 11... Qd6 12. O-O ({RR} 12.
g4 Qg3+ 13. Kf1 Ne7 14. Ne5 Qf4+ 15. Ke1 Nc6 16. Qf3 Nxe5 17. dxe5 Qc1+ 18. Qd1
Qxb2 19. Nd2 Qxc3 20. exf6 Qxd3 21. Qa4+ Bd7 22. Qb4 O-O-O 23. Qc5+ Bc6 24.
Qxa7 Qc3 25. Rb1 d4 26. Rg1 Be4 {
De Mooy,F-Gaellaesch,S/Neumuenster 1998/EXT 2002/0-1}) 12... Qxg3 13. Qe2 Nh5
14. Qf2 Qxf2+ 15. Rxf2 Nf4 16. Bb5 Bd7 17. Nbd2 O-O 18. Nb3 Nb8 19. Bf1 Bc6 20.
h4 f6 21. Re1 Re8 22. g3 Nh5 23. Kh2 g4 24. Nfd2 Nd7 25. Be2 f5 26. Bd3 {
Sol Franks,M-Gurrea Martinez,J/Alfaro 2007/EXT 2008/0-1 (31)}) 12. g4 Ng3 13.
Rg1 e5 14. Bb5 O-O 15. Bxc6 bxc6 16. Nxe5 Re8 17. Qf3 f6 18. Qxg3 fxe5 19. Kd1
exd4 20. Qd3 Qd6 21. Rf1 c5 22. Qf3 Qe6 23. Nd2 Ba6 24. c4 {
Lakerbaya,T (2134)-Balichev,D/St Petersburg 2010/EXT 2011/0-1 (33)}) 10. Bxf6
gxf6 11. Nbd2 Qb6 12. b4 e5 13. Qe2 Be6 14. Bb5 e4 15. Nh2 a6 16. Ba4 Bxh2 17.
Rxh2 Qc7 18. Rh1 b5 19. Bc2 Ne7 20. f3 Qxc3 21. Rc1 e3 0-1

[Event "183rd open MGU"]
[Site "Sofia"]
[Date "2017.03.04"]
[Round "2.1"]
[White "Timev, Anzhelo"]
[Black "Gelemerov, Yane"]
[Result "1-0"]
[WhiteElo "1779"]
[BlackElo "2013"]
[PlyCount "51"]
[EventDate "2017.03.04"]
[EventType "swiss"]
[EventRounds "6"]
[EventCountry "BUL"]

1. d4 Nf6 2. Nf3 e6 3. c4 Bb4+ 4. Bd2 Bxd2+ 5. Nbxd2 d6 6. e4 Nc6 ({RR} 6... e5
7. Bd3 O-O 8. O-O Re8 9. d5 a5 10. Bc2 Na6 11. a3 Bd7 12. Re1 c6 13. Rb1 Qb6
14. b3 Qc5 15. Qc1 cxd5 16. exd5 h6 17. Qb2 b5 18. cxb5 Bxb5 19. Ne4 Nxe4 20.
Bxe4 Qb6 21. b4 {
Krasenkow,M (2610)-Kogan,A (2528)/Drancy 2016/CBM 172 Extra/1/2 (33)}) 7. Be2 (
{RR} 7. Bd3 O-O 8. O-O Re8 9. Rc1 e5 10. d5 Nb4 11. Bb1 c6 12. a3 Na6 13. b4
cxd5 14. cxd5 Bg4 15. Qb3 Rc8 16. h3 Rxc1 17. Rxc1 Bxf3 18. Qxf3 Nc7 19. Nb3
Nb5 20. Na5 b6 21. Nc6 Nd4 {
Wong,L (1351)-Ali,S/Baku 2016/CBM 174 Extra/1/2 (55)}) 7... e5 8. dxe5 dxe5 9.
O-O $146 ({RR} 9. Qc2 O-O 10. Nb3 Qe7 11. O-O Bg4 12. Nh4 Nb4 13. Qc1 Bxe2 14.
Nf5 Qd8 15. Qg5 Nh5 16. Qxd8 Rfxd8 17. Rfc1 Nf4 18. a3 Nbd3 19. Rc2 Bg4 20. Ne3
Be6 21. g3 Nh3+ 22. Kg2 Ng5 23. Nd2 Bh3+ {
Grkovic,V-Akman,O/Artek 1999/EXT 2000/0-1}) 9... O-O 10. Rc1 Qe7 11. a3 Rd8 12.
Qc2 Nh5 13. Rfd1 Nf4 14. Nf1 Bg4 15. Ne3 Bxf3 16. Bxf3 Nd4 17. Rxd4 exd4 18.
Nf5 Qe5 19. Qd2 c5 20. g3 Ne6 21. Bg2 Rd7 22. f4 Qf6 23. Bh3 Re8 24. Qd1 g6 25.
Nh6+ Kh8 26. Ng4 1-0

[Event "183rd open MGU"]
[Site "Sofia"]
[Date "2017.03.04"]
[Round "2.2"]
[White "Babatov, Martin"]
[Black "Petkov, Martin"]
[Result "1/2-1/2"]
[WhiteElo "1711"]
[BlackElo "1798"]
[PlyCount "47"]
[EventDate "2017.03.04"]
[EventType "swiss"]
[EventRounds "6"]
[EventCountry "BUL"]

1. d4 e6 2. c4 f5 3. g3 Nf6 4. Bg2 d5 5. cxd5 exd5 6. Nf3 Bd6 7. O-O O-O 8. Nc3
c6 9. Bg5 Nbd7 ({RR} 9... h6 10. Bxf6 Qxf6 11. e3 Na6 12. a3 Nc7 13. b4 a6 14.
Rc1 Ne6 15. Ne2 g5 16. Qd3 Bd7 17. Qc3 Be8 18. Ne5 f4 19. e4 Nxd4 20. Nxd4 Bxe5
21. Rcd1 dxe4 22. Qc5 Bh5 {
0-1 Houska,B (2104)-Varitski,I (2334)/Czechia 2003/EXT 2005}) 10. Qd2 $146 ({RR
} 10. Nh4 Nb6 11. e3 Qe8 12. Bxf6 Rxf6 13. Nf3 Nd7 14. Qc2 Qh5 15. h4 h6 16.
Qe2 Qe8 17. Qc2 Rf8 18. Ne2 Nf6 19. Nf4 Ne4 20. Rac1 g5 21. Nd3 Rf7 22. Nfe5
Rg7 23. hxg5 hxg5 24. Qe2 g4 {Carls,C-Meyer/Hamburg 1910/EXT 1999/1-0 (34)}) ({
RR} 10. e3 Qe8 11. Re1 Ne4 12. Bf4 Qe7 13. Nd2 Ndf6 14. f3 Nxd2 15. Qxd2 Re8
16. Rac1 h6 17. h4 g5 18. hxg5 hxg5 19. Bxd6 Qxd6 20. Kf2 Nh5 21. f4 Qg6 22.
Rg1 g4 23. Rh1 Re6 24. Rh4 Qe8 {
Steinberg,C (1820)-Diegel,J (1577)/Dortmund 2016/CBM 173 Extra/1-0 (31)}) ({RR
} 10. Qc2 Nb6 11. a4 a5 12. Nh4 h6 13. Bd2 Ne4 14. Bc1 Qf6 15. e3 Be6 16. Nf3
Bf7 17. Qb3 Qd8 18. Re1 Kh8 19. h4 Bh5 20. Ne2 Bb4 21. Rd1 Qd6 22. Nf4 Bg4 23.
Qc2 g5 24. hxg5 hxg5 {
Mitterhuber,M (1572)-Hiebler,L (1837)/Austria 2014/EXT 2015/0-1 (34)}) 10...
Qe8 11. Nh4 $6 (11. Bf4 $142 $11) 11... Ne4 12. Nxe4 fxe4 (12... dxe4 $17 13.
f3 e3 14. Qxe3 Qxe3+ 15. Bxe3 f4 16. gxf4 Bxf4 17. Bf2 g5) 13. Bh3 (13. f3 $5
$11) 13... Nf6 (13... Nb6 $1) 14. Bxc8 Qxc8 15. Bxf6 Rxf6 16. f4 $4 (16. f3 $15
) 16... Qh3 17. e3 Raf8 (17... Rh6 18. Qg2 Qg4 $17) 18. Ng2 g5 19. Rf2 gxf4 $2
(19... Rh6 20. Ne1 gxf4 21. gxf4 Kf7 22. Rg2 Rg6 $17) 20. Nxf4 Bxf4 21. Rxf4
Rxf4 22. exf4 h5 23. Qg2 Qxg2+ 24. Kxg2 1/2-1/2

[Event "183rd open MGU"]
[Site "Sofia"]
[Date "2017.03.04"]
[Round "2.3"]
[White "Ruschukov, Boyan"]
[Black "Kostov, Nikolay"]
[Result "0-1"]
[WhiteElo "1828"]
[BlackElo "1653"]
[PlyCount "98"]
[EventDate "2017.03.04"]
[EventType "swiss"]
[EventRounds "6"]
[EventCountry "BUL"]

1. d4 Nf6 2. c4 e6 3. g3 d5 4. Bg2 c6 5. Nc3 Be7 6. Nf3 O-O 7. O-O dxc4 8. Ne5
Nd5 9. Nxc4 Nxc3 10. bxc3 Nd7 ({RR} 10... b5 11. Ne5 Bb7 12. Qb3 Qc8 13. a4 a6
14. Bf4 Nd7 15. Rfc1 Nxe5 16. Bxe5 Qd7 17. c4 b4 18. c5 a5 19. Rd1 Ba6 20. Ra2
Rfd8 21. Rad2 Ra7 22. h4 h6 {1-0 Araujo Sanchez,J (1772)-Feliz Segura,R (1874)/
Santo Domingo 2016/CBM 172 Extra}) 11. e4 Nb6 12. Ne3 Qc7 13. a4 $146 ({RR} 13.
Qh5 g6 14. Qh6 Bf6 15. Ng4 Bg7 16. Qh4 f5 17. Bf4 Qd7 18. Ne5 Qd8 19. Bg5 Bf6
20. Bxf6 Qxf6 21. Qxf6 Rxf6 22. f4 Rf8 23. a4 Rd8 24. a5 Nd7 25. Nxd7 Rxd7 26.
e5 a6 27. Rfb1 Kf7 {
Merva,F (2053)-Londin,M (2055)/Slovakia 2009/EXT 2011/1-0 (44)}) 13... Rd8 $4 (
13... a5 $142 $16) 14. a5 Nd7 15. Qb3 (15. Nc4 $142 $1 $16) 15... e5 $2 {
Äèàãðàììà #} (15... b5 $142 $16) 16. Nf5 (16. f4 $1 $18) 16... Bf8 $2 (16...
Bf6 $142 $16) 17. Rd1 (17. Bg5 $142 Re8 18. f4 $16) 17... c5 $2 (17... Nf6 $142
$16) 18. d5 Bd6 19. c4 a6 20. f4 Rb8 21. Nxd6 Qxd6 22. Be3 f6 23. Qa3 b6 24.
Bh3 exf4 25. gxf4 b5 26. cxb5 axb5 27. Bxd7 $2 (27. a6 $1 $18) 27... Qxd7 (
27... b4 $142 $1 28. Qb2 $11) 28. Bxc5 b4 29. Qg3 Rb5 30. Bd4 Qe7 31. Re1 (31.
a6 $142 $18) 31... Ba6 32. Bb6 Rc8 33. Re3 b3 34. d6 $4 (34. Rxb3 Qxe4 $11)
34... b2 35. Rb1 Qxd6 36. Ree1 Rc2 37. e5 fxe5 38. fxe5 Qe6 39. Rbd1 Rc8 40.
Qg5 Rxb6 $2 (40... Rf8 $142 $19) 41. Rd8+ Rxd8 42. Qxd8+ Kf7 43. Qc7+ Kf8 44.
Qd8+ Kf7 45. Qxb6 Qg4+ 46. Kf2 Qh4+ 47. Kf3 Qxe1 48. Qxb2 Qh1+ 49. Kg3 Qg1+ 0-1

[Event "183rd open MGU"]
[Site "Sofia"]
[Date "2017.03.04"]
[Round "2.5"]
[White "Grabcheva, Natalia"]
[Black "Georgiev, Nikolay Zh."]
[Result "1-0"]
[WhiteElo "1602"]
[BlackElo "1585"]
[PlyCount "67"]
[EventDate "2017.03.04"]
[EventType "swiss"]
[EventRounds "6"]
[EventCountry "BUL"]

1. Nf3 d5 2. d4 Nf6 3. b3 Bf5 4. Bb2 e6 5. e3 Nbd7 6. Bd3 Bd6 ({RR} 6... Bg6 7.
O-O a5 8. c4 c6 9. Nc3 Bb4 10. Rc1 O-O 11. Na4 Bd6 12. Ne5 Qe7 13. Nxg6 hxg6
14. c5 Bc7 15. f4 Ne4 16. Rc2 f5 17. g3 g5 18. Rg2 g4 19. Nc3 Nef6 20. Be2 Kf7
21. Bd3 {
Garcia Castro,P (2356)-Petkov,V (2497)/Linares 2016/CBM 174 Extra/0-1 (54)}) 7.
Bxf5 $146 ({RR} 7. O-O c6 8. c4 ({RR} 8. h3 Ne4 9. Qe2 Qf6 10. Nbd2 g5 11. c4
h5 12. cxd5 exd5 13. Ne5 Nxe5 14. dxe5 Bxe5 15. Bxe5 Qxe5 16. Bxe4 Bxe4 17. f4
gxf4 18. exf4 Qd4+ 19. Kh2 O-O-O 20. Nf3 Bxf3 21. Qxf3 Rde8 22. Rae1 Re4 {
Pisani,V-Vezzosi,P (2352)/Bergamo 2008/CBM 126 Extra/0-1}) 8... Bxd3 ({RR} 8...
O-O 9. Nc3 Bg4 10. Be2 Qe7 11. Nd2 Bf5 12. c5 Bc7 13. f4 b6 14. b4 a5 15. b5
bxc5 16. bxc6 cxd4 17. Nb5 d3 18. Ba3 dxe2 19. Qxe2 Nc5 20. Nxc7 Qxc7 21. Bxc5
Rfc8 22. Bd4 Qxc6 23. h3 {Gonzalez Rodriguez,J (2382)-Handke,F (2553)/
Barcelona 2014/CBM 162 Extra/0-1 (43)}) 9. Qxd3 Ne4 10. Nbd2 f5 11. Ne5 Bxe5
12. dxe5 Ndc5 13. Qc2 Nxd2 14. Qxd2 dxc4 15. Qb4 Nd3 16. Qxb7 ({RR} 16. Qxc4
Nxb2 17. Qc3 Qd3 18. Qxb2 O-O-O) ({RR} 16. Qc3 Nxb2 17. Qxb2 cxb3 18. Rfd1)
16... Nxb2 17. bxc4 Rb8 ({RR} 17... Nxc4 18. Qxc6+) 18. Qxg7 Rf8 19. Qxh7 Qe7
20. Qh5+ Kd7 21. Rac1 Rh8 {
Frydman,P-Spielmann,R/Warsaw 1934/EXT 2017/[Becker,A]/0-1}) ({RR} 7. Ne5 Bxd3
8. cxd3 O-O 9. O-O Qe7 10. Nd2 Ba3 11. Bxa3 Qxa3 12. Qc1 Qxc1 13. Rfxc1 c6 14.
Nxd7 Nxd7 15. Rc3 a5 16. a3 Ra6 17. Rac1 Rfa8 18. Kf1 Kf8 19. Ke2 Ke7 20. f4
Nf6 21. Nf3 Ne8 {Gonzalez Rodriguez,J (2371)-Narciso Dublan,M (2509)/
Vallfogona de Balaguer 2013/EXT 2014/1/2 (74)}) 7... exf5 8. Nbd2 O-O 9. O-O c6
10. c4 Re8 11. Rc1 Bf8 12. Ne5 dxc4 13. Ndxc4 Nd5 14. Nxd7 Qxd7 15. Ne5 Qd6 16.
Nc4 Qc7 17. Ba3 Bxa3 18. Nxa3 f4 19. Qf3 Qa5 20. e4 Nb4 21. Nc4 Qxa2 22. Qc3 a5
23. Nb2 Rxe4 24. Ra1 Nd5 25. Qc2 Nb4 26. Qxe4 Qxb2 27. Rxa5 Rd8 28. Qxf4 Qxb3
29. Qd6 Re8 30. Re5 Ra8 31. Ra5 Na6 32. h3 h6 33. Qd7 Qb4 34. Raa1 1-0

[Event "183rd open MGU"]
[Site "Sofia"]
[Date "2017.03.04"]
[Round "3.1"]
[White "Kostov, Nikolay"]
[Black "Timev, Anzhelo"]
[Result "1/2-1/2"]
[WhiteElo "1653"]
[BlackElo "1779"]
[PlyCount "95"]
[EventDate "2017.03.04"]
[EventType "swiss"]
[EventRounds "6"]
[EventCountry "BUL"]

1. d4 d5 2. e3 Bf5 3. Bd3 Bxd3 4. Qxd3 c6 5. f4 e6 6. Nf3 Nd7 ({RR} 6... Qa5+
7. c3 Qa6 8. Qxa6 Nxa6 9. O-O Nf6 10. Ne5 Ne4 11. Nd2 {
1/2 Romes,M (1906)-Kroencke,M (1996)/Schwaebisch Gmuend 2015/EXT 2016}) 7. O-O
Ngf6 8. Ne5 Qb6 $146 ({RR} 8... Bd6 9. Nd2 O-O 10. Rf3 Qc7 11. Rh3 c5 12. c3
cxd4 13. cxd4 Rac8 14. Ndf3 Qc2 15. Qxc2 Rxc2 16. Rb1 Bxe5 17. dxe5 Ne4 18. Nd4
Rc7 19. b3 Rfc8 20. Ba3 a6 21. Ne2 Rc2 22. Rc1 Nb6 23. Rxc2 {
Musiienko,D-Bykov,Y/Kiev 2010/CBM 134 Extra/0-1 (46)}) 9. f5 c5 10. fxe6 Qxe6
11. Nf3 c4 12. Qe2 Ne4 13. Nbd2 Ndf6 14. Ne5 Nxd2 15. Bxd2 Bd6 16. Qf3 O-O 17.
Be1 Ne4 18. Ng4 Rae8 19. Qf5 Qg6 20. Qxg6 hxg6 21. Nf2 Nf6 22. Bd2 b5 23. Rfe1
g5 24. h3 Ne4 25. Nxe4 Rxe4 26. b3 Rfe8 27. c3 g4 28. hxg4 Rxg4 29. Rf1 Re6 30.
Rae1 Reg6 31. Re2 Bg3 32. Be1 Bxe1 33. Rfxe1 Rc6 34. b4 Ra6 35. Rc2 Re4 36. Kf2
f5 37. g3 Rh6 38. Kg1 g5 39. Rce2 Kf7 40. a4 bxa4 41. Ra1 Ra6 42. Ra3 f4 43.
gxf4 gxf4 44. Kf2 fxe3+ 45. Rxe3 Rxe3 46. Kxe3 Ke6 47. Kf4 Kf6 48. Kg4 1/2-1/2

[Event "183rd open MGU"]
[Site "Sofia"]
[Date "2017.03.04"]
[Round "3.2"]
[White "Petkov, Martin"]
[Black "Grabcheva, Natalia"]
[Result "1-0"]
[WhiteElo "1798"]
[BlackElo "1602"]
[PlyCount "79"]
[EventDate "2017.03.04"]
[EventType "swiss"]
[EventRounds "6"]
[EventCountry "BUL"]

1. d4 Nf6 2. c4 g6 3. Nc3 Bg7 4. e4 d6 5. Nf3 O-O 6. Be2 Nbd7 7. Be3 b6 ({RR} 
7... a6 8. O-O Ng4 9. Bg5 f6 10. Bd2 e5 11. h3 Nh6 12. Be3 Nf7 13. Qc2 c6 14.
Rfd1 Qe7 15. b4 exd4 16. Nxd4 Re8 17. Bf4 Nf8 18. Bg3 Ne6 19. Nxe6 Bxe6 20. Re1
f5 21. exf5 Bxf5 22. Qd2 {
Maslak,K (2541)-Savchenko,B (2654)/Budva 2009/CBM 130/0-1 (59)}) 8. O-O Bb7 9.
Nd2 $146 ({RR} 9. d5 c6 ({RR} 9... Ng4 10. Bd2 Nde5 11. h3 Nf6 12. Qc2 c6 13.
Rac1 Rc8 14. b4 Ned7 15. Qb3 Re8 16. Rfe1 Nf8 17. Be3 e6 18. a3 N6d7 19. Red1
Nf6 20. Bf1 Qe7 21. Qa2 Rc7 22. Qd2 Rd8 23. dxc6 Bxc6 24. e5 {
Nguyen,T-Nguyen T Lan,P/Hue 2004/EXT 2005/1-0 (42)}) 10. Nd4 Rc8 11. f4 cxd5
12. cxd5 Nc5 13. Qc2 Ncxe4 14. Bd3 Nxc3 15. bxc3 Nxd5 16. Bd2 Bxd4+ 17. Kh1
Nxc3 18. Rae1 Ne4 19. Qd1 Nf2+ 20. Rxf2 Bxf2 21. Rf1 Bd4 22. f5 Bg7 23. h4 e6 {
Rincon,D-Mora,C (1552)/Cali 2015/EXT 2016/0-1 (33)}) ({RR} 9. e5 dxe5 10. dxe5
Ng4 11. Bf4 Ngxe5 12. Nxe5 Nxe5 13. Qc1 Re8 14. Bh6 Bh8 15. f4 Qd4+ 16. Kh1
Nxc4 17. f5 Ne5 18. fxg6 Nxg6 19. Nb5 Qd5 20. Rf3 Qd7 21. Rg3 Rac8 22. Qc2 c6
23. Bc4 cxb5 {Armesto,B-Aparicio,R/San Fernando 1999/EXT 2002/1-0}) 9... e5 10.
d5 Nc5 11. b4 Ncd7 12. c5 bxc5 13. bxc5 Nxc5 14. Bxc5 dxc5 15. Rb1 Qc8 16. Qa4
Rd8 17. Nc4 c6 $4 (17... Ba6 $142 $14) 18. Na5 Ba6 19. Nxc6 Bxe2 20. Nxe2 (20.
Ne7+ $18) 20... Re8 21. f3 Nd7 22. Nc3 Nb6 23. Qb5 Nd7 24. Rb2 Bh6 25. Rfb1
Be3+ 26. Kh1 Bd4 27. Rb3 Nb6 28. Na4 Nxa4 29. Qxa4 f5 30. Qc4 Kh8 31. Rb7 fxe4
32. d6 (32. Qa6 $142 $18) 32... Rf8 (32... exf3 $142 33. gxf3 $16) 33. Qd5 (33.
Rc7 Qf5 34. Rbb7 Qh5 35. Qd5 $18) 33... exf3 (33... Qf5 $142 34. Re7 $16) 34.
d7 $4 {Äèàãðàììà #} fxg2+ $4 (34... Qxb7 $1 $19) 35. Kxg2 Rf2+ 36. Kh1 Qf8 37.
Rb8 Rxb8 38. Rxb8 Rf1+ 39. Kg2 Rg1+ 40. Kh3 1-0